000 00504nam a22001577a 4500
999 _c2720
_d2720
020 _a9788174732624
050 _aHD2326
_b.Si6
100 _aSingh Yogendra
110 _aMamta Pandey
245 _aIndustrial economics and principles of management/
_cSingh Yogendra, Mamta Pandey
260 _aDelhi
_bA.I.T.B.S Publisher
_c2008
300 _a439p.
_bill.
_c22cm.
500 _aIncludes index.
505 _aManagerial economics Basic concept Money and banking management Human behaviour
942 _cBK